000 00967nam a2200313 a 4500
001 43412
003 BD-RjUL
005 20211209053708.0
008 160621s19441933nyua b 001 0 eng
035 _a(BD-RjUL)43530
035 _a(OCoLC)16738045
040 _aDLC
_cOrPS
_dNcRS
_dDLC
_dBD-RjUL
_beng
041 _aeng
051 _aLB1051
_b.P7 1944 Tests
082 _a370.15
_bPRP 1944
100 1 _aPressey, Sidney L
_q(Sidney Leavitt)
_d1888-1979.
_9133319
245 1 0 _aPsychology and the new education /
_cSidney L. Pressey
250 _aRev. ed.
260 _aNew York :
_bHarper,
_cc1944
300 _axviii, 654 p. :
_bill. ;
_c22 cm.
500 _aIncludes index
650 0 _aEducational psychology.
_9118078
650 0 _aChild psychology.
_9124587
700 1 _aRobinson, Francis Pleasant
_d1906-
_9133320
700 1 _aMurphy, Gardner,
_d1895-1979.
_9133321
700 1 _aHadley, L. S.
_9133322
942 _2ddc
_cBK
999 _c43412
_d43412